Catalog

Record Details

Catalog Search



Available copies

  • 0 of 1 copy available at LARL/NWRL Consortium.

Current holds

0 current holds with 1 total copy.

Show All Copies
Location Call Number / Copy Notes Barcode Shelving Location Status Due Date

Record details

  • ISBN: 0764225049
  • Physical Description: 149 p. ; 21 cm.
  • Publisher: Minneapolis, Minn. : Bethany House, 2002.

Content descriptions

General Note:
Rewritten version of: California Christmas. Grand Rapids, Mich. : Zondervan, c1994.
Summary, etc.:
When she goes to visit her father in California ... Read More
Subject: Stepfamilies > Juvenile fiction.
Christian life > Juvenile fiction.
Genre: Christmas stories.
LDR 01184cam a22002898a 4500
00143256
003LARL_NWRL_CONSORTIUM
00520020319091426.0
008020225s2002 mnu c 000 0 eng
020 . ‡a0764225049
035 . ‡a(OCoLC)49355638
03500. ‡ilcmarc/BAQ-9291/KRLTECH2
08200. ‡a[Fic] ‡221
099 . ‡aLew
1001 . ‡aLewis, Beverly, ‡d1949- ‡0(LARL_NWRL_CONSORTIUM)110084
24510. ‡aCalifornia crazy ‡n#5/ ‡cby Beverly Lewis.
260 . ‡aMinneapolis, Minn. : ‡bBethany House, ‡c2002.
300 . ‡a149 p. ; ‡c21 cm.
4900 . ‡aHolly's heart ; ‡v5
500 . ‡aRewritten version of: California Christmas. Grand Rapids, Mich. : Zondervan, c1994.
520 . ‡aWhen she goes to visit her father in California for Christmas, Holly has to deal with her feelings about the boyfriend she leaves behind in Colorado, her snoopy younger sister, and her new stepmother.
650 0. ‡aStepfamilies ‡vJuvenile fiction.
650 0. ‡aChristian life ‡vJuvenile fiction. ‡0(LARL_NWRL_CONSORTIUM)164297
655 0. ‡aChristmas stories.
901 . ‡a43256 ‡bOCLC ‡c43256 ‡tbiblio

Additional Resources